000 00214 a2200097 4500
001 47341
100 _aBallance E
245 _aThe red army of china
260 _aLondon
_bFaber & Faber
_c
090 _c30378
_d30378
942 _aNUST-CAE
_cM
_c22645
999 _c282414
_d282414